Coastal bottom boundary layers and sediment transport

Αποθηκεύτηκε σε:
Λεπτομέρειες βιβλιογραφικής εγγραφής
Κύριος συγγραφέας: Nielsen, Peter
Μορφή: Βιβλίο
Γλώσσα:English
Δημοσίευση: Singapore ; River Edge, N.J. : World Scientific, 1994
Έκδοση:1st ed.
Σειρά:Advanced series on ocean engineering ; ; 4
Θέματα:
Ετικέτες: Προσθήκη ετικέτας
Δεν υπάρχουν, Καταχωρήστε ετικέτα πρώτοι!

MARC

LEADER 00000nam a2200000 i 4500
001 1/88877
008 051111s1994 eng d
020 |a 981-02-0472-8 (hbk) 
020 |a 981-02-0473-6 (pbk) 
035 |l 10081187 
040 |a GR-MY-UA  |b gre  |e aacr 
041 0 |a eng 
082 0 |a 551.457  |2 (22) 
100 1 |a Nielsen, Peter. 
245 1 0 |a Coastal bottom boundary layers and sediment transport /  |c Peter Nielsen 
250 |a 1st ed. 
260 |a Singapore ; River Edge, N.J. :   |b World Scientific,   |c 1994 
300 |a xxiii, 324 σ.;  |b εικ.;  |c 23 εκ. 
490 1 |a Advanced series on ocean engineering  |v ; 4 
504 |a Περιέχει βιβλιογραφία (σ. 299-308) και ευρετήρια 
650 0 0 |a Coast changes. 
650 0 0 |a Marine sediments. 
650 0 0 |a Geomorphology. 
830 0 |a Advanced series on ocean engineering ;  |v ; 4 
852 |a INST  |b LESVOS  |e 20051111  |h 551.457 ΝΙΕ  |p 005100033464  |q 005100033464  |t BK  |y 0 
852 |a INST  |b LESVOS  |e 20051111  |h 551.457 ΝΙΕ  |p 005100033465  |q 005100033465  |t BK  |y 0 
852 |a INST  |b LESVOS  |e 20081007  |h 551.457 ΝΙΕ  |p 005100043161  |q 005100043161  |t BK  |y 0 
901 |a BIBL1-2005-3 
901 |a BIBL1-2008-3 
909 |a Λ  |b 118699 
909 |a Λ  |b 118700 
909 |a Λ  |b 152020 
920 |a ΔΙΕΥΡΥΝΣΗ  |b ΕΠΕΑΕΚ-ΤΕΘ  |y ΛΕΣΒΟΣ  |z 2005-10 
922 |a 1ΕΛΗ  |b 200803  |c ΕΠΕΑΕΚ2/ΤΕΘ  |d ΕΛΕΥΘΕΡΟΥΔΑΚΗΣ 
970 |a ΚΑΡΑ  |b ΓΙΑΣΕΜΗ  |z 2005/11/11